000 01164nam a2200277 a 4500
001 BRCA_5469
005 20190320205106.0
008 040111s1856----au-####f##---#000-0#ger-#
041 _ager
044 _aau
084 _aDOC114
_b.H37
_c1856
100 1 _aHabsburgo-Lorena, Fernando Maximiliano José de
_cEmperador
_d1832-1867
_913974
245 1 0 _aDocumento firmado en 1856
_cMaximiliano emperador de México.
260 _aAustria
_c1856
300 _a[3] fojas
_c35 x 21 cm
500 _aCarta de Maximiliano Emperador de México
500 _aContiene la leyenda: Maximiliam, Kaiser Von Mexiko (1832-1867). Brief m. U. Folio 3 S. Venedi 6. 12. 1856.
500 _aContiene la leyenda DOC. #278
500 _aEstado de conservación: contiene roturas, dobleces y anotaciones con tinta roja
506 0 _aFondo reservado: para su consulta es necesario credencial de usuario y carta de motivos
546 _aTexto en: alemán
600 1 4 _aHabsburgo-Lorena, Fernando Maximiliano José de
_cEmperador
_d1832-1867
_913974
651 4 _aMéxico
_vManuscrito
_xHistoria
_yIntervención y segundo imperio, 1861-1867
_913975
902 _aFDH
942 _2lcc
_cB
999 _c5163
_d5163